00778 2200181 4500245006300000020001800063250001100081100001700092700002100109650004300130005001900173260004200192041001400234084001100248300002300259500030500282336000900587 assst ...jangan bilang - bilang ibuku !cSones, SonyahText a979-22-0697-3 aCet. 2 aSones, Sonya aRosi L. Simamora aFiksi Inggris (dalam Bahasa Indonesia) a20231002104612 aJakartabGramedia Pustaka Utamac2004 aIndonesia a808.83 a256 hlm. :c20 cm. aNamaku sophie buku ini tentang aku. Bercerita tentang cinta pertamaku yang bikin jantung mau copot juga cinta keduaku. Dan, oke deh cinta ketigaku. Bukannya aku gila cowok hanya saja meskipun usiaku nyaris lima belas rasanya pikiran dan tubuh dan hatiku tidak pernah bisa sepakat mengenai apaun juga. atext